| Поле | Название | Значение |
| |
Тип записи |
a |
| |
Библиографический уровень |
m |
| 001 |
Контрольный номер |
UONB/MAIN/cedd3cae25da44c0be4cdbf7f726b10b |
| 005 |
Дата корректировки |
20260408163641.1 |
| 010 |
Индекс ISBN |
__ |
| a |
ISBN |
978-5-7300-1061-1 |
| b |
Уточнения |
в пер. |
| 9 |
Тираж |
3000 экз. |
| 100 |
Данные общей обработки |
__ |
| a |
Данные общей обработки |
20260305d2024 uy0rusy0189 ca |
| 101 |
Язык документа |
0_ |
| a |
Язык текста |
rus |
| 102 |
Страна публикации |
__ |
| a |
Страна публикации |
RU |
| 105 |
Кодированные данные (монография) |
__ |
| a |
Кодированные данные (монография) |
a z 000yy |
| 200 |
Заглавие и сведения об ответственности |
1_ |
| a |
Заглавие |
Главный книжный |
| f |
Первые сведения об ответственности |
Глеб Райков |
| e |
Сведения, относящиеся к заглавию |
Дом Книги |
| 203 |
Вид содержания и тип средства |
__ |
| a |
Вид содержания |
Текст |
| b |
Характеристика содержания |
визуальный |
| c |
Тип средства |
непосредственный |
| 210 |
Выходные данные |
1_ |
| a |
Место издания |
Санкт-Петербург |
| c |
Издательство |
Аврора |
| d |
Дата издания |
2024 |
| 215 |
Физическое описание |
__ |
| a |
Объем |
62, [1] с. |
| d |
Формат |
17 см |
| c |
Иллюстрации/тип воспроизводства |
ил., цв. ил. |
| 225 |
Серия |
1_ |
| a |
Серия |
Библиотека "Авроры" |
| 311 |
Примечания к полям связи (Примечания о связи с другими произведениями) |
__ |
| a |
Текст примечания |
Цикл "Сокровища Петербурга" |
| 317 |
Примечания о происхождении экземпляра |
__ |
| a |
Примечания о происхождении экземпляра |
В дар от участников "Книжный поезд 2025" |
| 9 |
Инвентарный номер |
1163793 |
| 488 |
Другие взаимосвязанные работы |
_0 |
| 1 |
|
2001 |
| a |
|
Сокровища Петербурга |
| e |
|
цикл |
| 601 |
Наименование организации как предмет |
02 |
| a |
Наименование организации как предмет |
Санкт-Петербургский дом книги |
| x |
Тематический подзаголовок |
Архитектура |
| 606 |
Тематические рубрики |
0_ |
| a |
Основная рубрика |
Здания |
| x |
Основная подрубрика |
История |
| y |
Географическая подрубрика |
Невский проспект (Санкт-Петербург, город) |
| 610 |
Ключевые слова |
0_ |
| a |
Ключевые слова |
архитектура зданий Санкт-Петербурга; Дом Книги в Санкт-Петербурге; Дом Зингера |
| 686 |
Индексы других классификаций |
__ |
| 2 |
Код системы |
rubbk |
| a |
Классификационный индекс |
63.3(2-2СПб) |
| 686 |
Индексы других классификаций |
__ |
| a |
Классификационный индекс |
76.181.4(2)743.3 |
| 2 |
Код системы |
rubbk |
| 686 |
Индексы других классификаций |
__ |
| a |
Классификационный индекс |
85.113(2Р=Рус)44 |
| 2 |
Код системы |
rubbk |
| 700 |
Автор |
_1 |
| a |
Фамилия |
Райков |
| b |
Имя (инициалы) |
Г. П. |
| g |
Полное личное имя |
Глеб Павлович |
| 801 |
Источник записи |
_0 |
| a |
Страна |
RU |
| b |
Организация |
Ульяновская ОНБ |
| c |
Дата составления |
20260305 |
| g |
Правила каталогизации |
RCR |
| 801 |
Источник записи |
_1 |
| a |
Страна |
RU |
| b |
Организация |
Ульяновская ОНБ |
| c |
Дата составления |
20260305 |
| g |
Правила каталогизации |
RCR |
| 900 |
Электронные ресурсы |
__ |
| a |
Имя электронного ресурса |
д170220260007 |
| 901 |
Тип документа |
__ |
| t |
Тип документа |
m |
| 909 |
Создатель записи |
__ |
| a |
Создатель записи |
Макушик |
| b |
Дата создания записи |
20260305 |
| 910 |
Корректоры записи |
__ |
| a |
Корректор записи |
Пряхина |
| b |
Дата внесения изменения в запись |
20260402 |
| 910 |
Корректоры записи |
__ |
| a |
Корректор записи |
Моргунова |
| b |
Дата внесения изменения в запись |
20260408 |
| 935 |
Информация о редкой книге |
__ |
| a |
Статус редкой книги |
РК |